000 00637nam a2200265Ia 4500
005 20260121165056.0
008 008 260114s9999 xx 000 0 eng d
020 _a9781137561817
037 _aEBOOK
040 _aCRL
040 _beng
040 _cCRL
041 _2eng
041 _aeng
084 _qCRL
100 _aWilliam Vlcek
_91047230
245 0 _aOffshore Finance and Global Governance
260 _bSpringer
260 _bSpringer
260 _c2017
856 _uhttps://link.springer.com/openurl?genre=book&isbn=978-1-137-56181-7
942 _cEBOOK
999 _c1612955
_d1612955